[Event "April 9 Early 2024"]
[Site "Chess.com"]
[Date "2024.04.09"]
[Round "10"]
[White "Piesik, Piotr"]
[Black "Kaliakhmet, Elnaz"]
[Result "1-0"]
[Board "44"]
[WhiteFideId "1136194"]
[BlackFideId "13730169"]
[WhiteTitle "IM"]
[BlackTitle "WFM"]
[WhiteElo "2731"]
[BlackElo "2582"]
[WhiteTeam "CZE"]
[BlackTeam "KAZ"]
[WhiteClock "0:01:23"]
[BlackClock "0:00:36"]
[Variant "Standard"]

1. Nf3 {[%clk 0:03:00]}  Nf6 {[%clk 0:02:59]} 2. g3 {[%clk 0:03:01]}  d5 {[%clk 0:02:56]} 3. Bg2 {[%clk 0:03:01]}  Bf5 {[%clk 0:02:56]} 4. O-O {[%clk 0:03:02]}  c6 {[%clk 0:02:57]} 5. d3 {[%clk 0:03:02]}  e6 {[%clk 0:02:56]} 6. Nbd2 {[%clk 0:03:03]}  h6 {[%clk 0:02:56]} 7. Qe1 {[%clk 0:03:03]}  Nbd7 {[%clk 0:02:55]} 8. e4 {[%clk 0:03:03]}  Bh7 {[%clk 0:02:56]} 9. Qe2 {[%clk 0:03:04]}  Be7 {[%clk 0:02:55]} 10. b3 {[%clk 0:03:04]}  O-O {[%clk 0:02:56]} 11. Bb2 {[%clk 0:03:04]}  a5 {[%clk 0:02:53]} 12. a4 {[%clk 0:03:03]}  Qb6 {[%clk 0:02:51]} 13. e5 {[%clk 0:03:02]}  Ne8 {[%clk 0:02:49]} 14. Kh1 {[%clk 0:03:03]}  c5 {[%clk 0:02:47]} 15. Ne1 {[%clk 0:03:01]}  Nc7 {[%clk 0:02:44]} 16. f4 {[%clk 0:02:58]}  f6 {[%clk 0:02:39]} 17. Nef3 {[%clk 0:02:52]}  fxe5 {[%clk 0:02:38]} 18. Nxe5 {[%clk 0:02:53]}  Nxe5 {[%clk 0:02:37]} 19. Bxe5 {[%clk 0:02:52]}  Na6 {[%clk 0:02:25]} 20. Rae1 {[%clk 0:02:49]}  Rae8 {[%clk 0:02:23]} 21. Nf3 {[%clk 0:02:43]}  Bf6 {[%clk 0:02:21]} 22. Bxf6 {[%clk 0:02:42]}  Rxf6 {[%clk 0:02:20]} 23. Ne5 {[%clk 0:02:40]}  Qd6 {[%clk 0:02:18]} 24. Ng4 {[%clk 0:02:32]}  Rff8 {[%clk 0:02:16]} 25. Qe5 {[%clk 0:02:30]}  Qxe5 {[%clk 0:02:14]} 26. Rxe5 {[%clk 0:02:28]}  Nb4 {[%clk 0:02:14]} 27. Re2 {[%clk 0:02:24]}  Nc6 {[%clk 0:02:04]} 28. Rfe1 {[%clk 0:02:22]}  h5 {[%clk 0:02:02]} 29. Ne5 {[%clk 0:02:21]}  Nd4 {[%clk 0:01:57]} 30. Rd2 {[%clk 0:02:21]}  Re7 {[%clk 0:01:51]} 31. Nf3 {[%clk 0:02:20]}  Bf5 {[%clk 0:01:46]} 32. Nxd4 {[%clk 0:02:18]}  cxd4 {[%clk 0:01:47]} 33. Bxd5 {[%clk 0:02:18]}  Rc8 {[%clk 0:01:45]} 34. Bc4 {[%clk 0:02:14]}  Kf7 {[%clk 0:01:43]} 35. Re5 {[%clk 0:02:13]}  Kf6 {[%clk 0:01:41]} 36. Rxa5 {[%clk 0:02:13]}  e5 {[%clk 0:01:36]} 37. Rxe5 {[%clk 0:02:09]}  Rxe5 {[%clk 0:01:36]} 38. fxe5+ {[%clk 0:02:10]}  Kxe5 {[%clk 0:01:37]} 39. Re2+ {[%clk 0:02:10]}  Kf6 {[%clk 0:01:38]} 40. Kg2 {[%clk 0:02:09]}  Bg4 {[%clk 0:01:35]} 41. Re4 {[%clk 0:02:06]}  Rd8 {[%clk 0:01:34]} 42. Rf4+ {[%clk 0:01:58]}  Kg5 {[%clk 0:01:33]} 43. h4+ {[%clk 0:01:52]}  Kg6 {[%clk 0:01:32]} 44. b4 {[%clk 0:01:48]}  Bd7 {[%clk 0:01:28]} 45. b5 {[%clk 0:01:47]}  Bg4 {[%clk 0:01:26]} 46. a5 {[%clk 0:01:46]}  Kh7 {[%clk 0:01:19]} 47. Rf7 {[%clk 0:01:41]}  Re8 {[%clk 0:01:14]} 48. Rxb7 {[%clk 0:01:40]}  Re2+ {[%clk 0:01:14]} 49. Kf1 {[%clk 0:01:40]}  Rxc2 {[%clk 0:01:14]} 50. a6 {[%clk 0:01:41]}  Rc1+ {[%clk 0:01:11]} 51. Kf2 {[%clk 0:01:40]}  Rd1 {[%clk 0:01:05]} 52. Re7 {[%clk 0:01:35]}  Rd2+ {[%clk 0:01:05]} 53. Kf1 {[%clk 0:01:35]}  Rb2 {[%clk 0:00:40]} 54. a7 {[%clk 0:01:33]}  Bf3 {[%clk 0:00:40]} 55. Re8 {[%clk 0:01:26]}  Rb1+ {[%clk 0:00:37]} 56. Kf2 {[%clk 0:01:26]}  Bb7 {[%clk 0:00:36]} 57. a8=Q {[%clk 0:01:25]}  Bxa8 {[%clk 0:00:37]} 58. Rxa8 {[%clk 0:01:25]}  Rb2+ {[%clk 0:00:38]} 59. Kf3 {[%clk 0:01:24]}  Rb1 {[%clk 0:00:36]} 60. Rd8 {[%clk 0:01:23]} 1-0

[Event "April 9 Early 2024"]
[Site "Chess.com"]
[Date "2024.04.09"]
[Round "10"]
[White "Fiorito, Joaquin"]
[Black "Llari, Marc"]
[Result "1-0"]
[Board "45"]
[WhiteFideId "180173"]
[BlackFideId "651044269"]
[WhiteTitle "IM"]
[BlackTitle "CM"]
[WhiteElo "2730"]
[BlackElo "2504"]
[WhiteTeam "ARG"]
[BlackTeam "FRA"]
[WhiteClock "0:02:05"]
[BlackClock "0:01:49"]
[Variant "Standard"]

1. d4 {[%clk 0:03:00]}  f5 {[%clk 0:02:15]} 2. Nc3 {[%clk 0:02:57]}  Nf6 {[%clk 0:02:14]} 3. Bf4 {[%clk 0:02:58]}  g6 {[%clk 0:02:14]} 4. h4 {[%clk 0:02:57]}  Bg7 {[%clk 0:02:14]} 5. h5 {[%clk 0:02:53]}  Nxh5 {[%clk 0:02:13]} 6. Rxh5 {[%clk 0:02:53]}  gxh5 {[%clk 0:02:14]} 7. e4 {[%clk 0:02:54]}  O-O {[%clk 0:02:13]} 8. Qxh5 {[%clk 0:02:53]}  d6 {[%clk 0:02:12]} 9. Nf3 {[%clk 0:02:50]}  fxe4 {[%clk 0:02:12]} 10. Bc4+ {[%clk 0:02:49]}  Kh8 {[%clk 0:02:06]} 11. Ng5 {[%clk 0:02:44]}  Bf5 {[%clk 0:02:02]} 12. O-O-O {[%clk 0:02:23]}  Bg6 {[%clk 0:01:58]} 13. Qxg6 {[%clk 0:02:23]}  hxg6 {[%clk 0:01:54]} 14. Rh1+ {[%clk 0:02:24]}  Bh6 {[%clk 0:01:54]} 15. Rxh6+ {[%clk 0:02:24]}  Kg7 {[%clk 0:01:55]} 16. Ne6+ {[%clk 0:02:25]}  Kf6 {[%clk 0:01:51]} 17. Nxe4+ {[%clk 0:02:14]}  Kf5 {[%clk 0:01:50]} 18. Ng3+ {[%clk 0:02:06]}  Kg4 {[%clk 0:01:49]} 19. f3# {[%clk 0:02:05]} 1-0

[Event "April 9 Early 2024"]
[Site "Chess.com"]
[Date "2024.04.09"]
[Round "10"]
[White "Gontcharov, Vladislav"]
[Black "Galchenko, Matvey"]
[Result "0-1"]
[Board "51"]
[WhiteFideId "4123492"]
[BlackFideId "24175480"]
[BlackTitle "IM"]
[WhiteElo "2602"]
[BlackElo "2840"]
[WhiteTeam "RUS"]
[BlackTeam "FID"]
[WhiteClock "0:00:00"]
[BlackClock "0:00:07"]
[Variant "Standard"]

1. Nf3 {[%clk 0:03:00]}  c5 {[%clk 0:02:59]} 2. c4 {[%clk 0:02:56]}  g6 {[%clk 0:03:00]} 3. g3 {[%clk 0:02:54]}  Bg7 {[%clk 0:03:00]} 4. Bg2 {[%clk 0:02:55]}  Nc6 {[%clk 0:03:01]} 5. O-O {[%clk 0:02:54]}  e6 {[%clk 0:03:01]} 6. Nc3 {[%clk 0:02:52]}  Nge7 {[%clk 0:03:02]} 7. d4 {[%clk 0:02:44]}  Nxd4 {[%clk 0:03:02]} 8. Nxd4 {[%clk 0:02:40]}  cxd4 {[%clk 0:03:03]} 9. Nb5 {[%clk 0:02:39]}  Nf5 {[%clk 0:02:53]} 10. g4 {[%clk 0:01:59]}  a6 {[%clk 0:02:51]} 11. gxf5 {[%clk 0:01:55]}  axb5 {[%clk 0:02:50]} 12. fxe6 {[%clk 0:01:55]}  dxe6 {[%clk 0:02:36]} 13. cxb5 {[%clk 0:01:55]}  O-O {[%clk 0:02:37]} 14. a4 {[%clk 0:01:50]}  e5 {[%clk 0:02:35]} 15. Ra3 {[%clk 0:01:48]}  Qe7 {[%clk 0:02:27]} 16. e3 {[%clk 0:01:47]}  Rd8 {[%clk 0:02:19]} 17. exd4 {[%clk 0:01:45]}  Rxd4 {[%clk 0:02:20]} 18. Qc2 {[%clk 0:01:35]}  Bf5 {[%clk 0:02:20]} 19. Qb3 {[%clk 0:01:12]}  Be6 {[%clk 0:02:07]} 20. Qc2 {[%clk 0:01:10]}  Rc4 {[%clk 0:01:57]} 21. Qd1 {[%clk 0:01:03]}  e4 {[%clk 0:01:46]} 22. Re1 {[%clk 0:00:51]}  f5 {[%clk 0:01:44]} 23. Bf1 {[%clk 0:00:41]}  Rb4 {[%clk 0:01:29]} 24. a5 {[%clk 0:00:35]}  Bxb2 {[%clk 0:01:25]} 25. Bxb2 {[%clk 0:00:35]}  Rxb2 {[%clk 0:01:26]} 26. Qa1 {[%clk 0:00:17]}  Qg5+ {[%clk 0:01:01]} 27. Rg3 {[%clk 0:00:16]}  Qd2 {[%clk 0:00:44]} 28. Re2 {[%clk 0:00:16]}  Ra2 {[%clk 0:00:27]} 29. Qf6 {[%clk 0:00:04]}  Qd7 {[%clk 0:00:27]} 30. Rxa2 {[%clk 0:00:03]}  Bxa2 {[%clk 0:00:28]} 31. a6 {[%clk 0:00:03]}  bxa6 {[%clk 0:00:27]} 32. bxa6 {[%clk 0:00:04]}  Qf7 {[%clk 0:00:24]} 33. Qe5 {[%clk 0:00:03]}  Bc4 {[%clk 0:00:14]} 34. Ra3 {[%clk 0:00:02]}  Bxf1 {[%clk 0:00:11]} 35. Kxf1 {[%clk 0:00:02]}  Rxa6 {[%clk 0:00:07]} 36. Qb8+ {[%clk 0:00:01]}  Kg7 {[%clk 0:00:08]} 37. Qb2+ {[%clk 0:00:00]}  Rf6 {[%clk 0:00:07]} 0-1

[Event "April 9 Early 2024"]
[Site "Chess.com"]
[Date "2024.04.09"]
[Round "10"]
[White "Shuvalova, Polina"]
[Black "Iljin, Timofey"]
[Result "1-0"]
[Board "52"]
[WhiteFideId "24171760"]
[BlackFideId "14110180"]
[WhiteTitle "IM"]
[BlackTitle "IM"]
[WhiteElo "2801"]
[BlackElo "2598"]
[WhiteTeam "FID"]
[BlackTeam "UKR"]
[WhiteClock "0:01:55"]
[BlackClock "0:01:45"]
[Variant "Standard"]

1. e4 {[%clk 0:03:00]}  e6 {[%clk 0:03:00]} 2. d4 {[%clk 0:03:00]}  d5 {[%clk 0:03:00]} 3. Nd2 {[%clk 0:03:01]}  a6 {[%clk 0:02:57]} 4. Bd3 {[%clk 0:02:58]}  c5 {[%clk 0:02:56]} 5. dxc5 {[%clk 0:02:47]}  Bxc5 {[%clk 0:02:57]} 6. Ngf3 {[%clk 0:02:48]}  Nc6 {[%clk 0:02:56]} 7. O-O {[%clk 0:02:48]}  Nf6 {[%clk 0:02:56]} 8. Qe2 {[%clk 0:02:47]}  O-O {[%clk 0:02:54]} 9. c3 {[%clk 0:02:47]}  e5 {[%clk 0:02:37]} 10. exd5 {[%clk 0:02:40]}  Nxd5 {[%clk 0:02:37]} 11. Nb3 {[%clk 0:02:31]}  Bd6 {[%clk 0:02:30]} 12. Bg5 {[%clk 0:02:20]}  Be7 {[%clk 0:01:53]} 13. Bxe7 {[%clk 0:02:16]}  Qxe7 {[%clk 0:01:50]} 14. Bxh7+ {[%clk 0:02:13]}  Kxh7 {[%clk 0:01:50]} 15. Qe4+ {[%clk 0:02:12]}  f5 {[%clk 0:01:51]} 16. Qxd5 {[%clk 0:02:12]}  Be6 {[%clk 0:01:52]} 17. Qxe6 {[%clk 0:02:07]}  Qxe6 {[%clk 0:01:47]} 18. Ng5+ {[%clk 0:02:02]}  Kg6 {[%clk 0:01:47]} 19. Nxe6 {[%clk 0:02:03]}  Rfc8 {[%clk 0:01:47]} 20. Rad1 {[%clk 0:01:59]}  b6 {[%clk 0:01:47]} 21. Rd6 {[%clk 0:01:58]}  Kf7 {[%clk 0:01:47]} 22. Ng5+ {[%clk 0:01:55]}  Ke7 {[%clk 0:01:48]} 23. Rg6 {[%clk 0:01:55]}  Rg8 {[%clk 0:01:45]} 24. Rxc6 {[%clk 0:01:55]} 1-0

[Event "April 9 Early 2024"]
[Site "Chess.com"]
[Date "2024.04.09"]
[Round "10"]
[White "Volkov, Maksim"]
[Black "Wilk, Igor"]
[Result "0-1"]
[Board "54"]
[WhiteFideId "54123070"]
[BlackFideId "21831580"]
[WhiteTitle "FM"]
[BlackTitle "CM"]
[WhiteElo "2781"]
[BlackElo "2594"]
[WhiteTeam "RUS"]
[BlackTeam "POL"]
[WhiteClock "0:00:00"]
[BlackClock "0:00:09"]
[Variant "Standard"]

1. e4 {[%clk 0:02:58]}  d5 {[%clk 0:02:58]} 2. exd5 {[%clk 0:02:54]}  Nf6 {[%clk 0:02:58]} 3. d4 {[%clk 0:02:53]}  Bg4 {[%clk 0:02:57]} 4. f3 {[%clk 0:02:51]}  Bf5 {[%clk 0:02:57]} 5. g4 {[%clk 0:02:50]}  Bg6 {[%clk 0:02:56]} 6. Ne2 {[%clk 0:02:32]}  Nxd5 {[%clk 0:02:43]} 7. h4 {[%clk 0:02:29]}  h6 {[%clk 0:02:38]} 8. h5 {[%clk 0:02:27]}  Bh7 {[%clk 0:02:38]} 9. Ng3 {[%clk 0:02:09]}  Nc6 {[%clk 0:02:26]} 10. a3 {[%clk 0:01:55]}  Qd6 {[%clk 0:01:59]} 11. Kf2 {[%clk 0:01:53]}  O-O-O {[%clk 0:01:56]} 12. Bd3 {[%clk 0:01:46]}  Bxd3 {[%clk 0:01:31]} 13. Qxd3 {[%clk 0:01:47]}  Nf4 {[%clk 0:01:31]} 14. Qf5+ {[%clk 0:01:45]}  Ne6 {[%clk 0:01:28]} 15. Rd1 {[%clk 0:01:35]}  Nxd4 {[%clk 0:01:20]} 16. Qxf7 {[%clk 0:01:30]}  Qc5 {[%clk 0:01:08]} 17. Be3 {[%clk 0:01:26]}  Qxc2+ {[%clk 0:01:03]} 18. Rd2 {[%clk 0:01:27]}  Qc6 {[%clk 0:00:58]} 19. Nc3 {[%clk 0:01:23]}  g6 {[%clk 0:00:50]} 20. hxg6 {[%clk 0:01:05]}  Bg7 {[%clk 0:00:49]} 21. Bxd4 {[%clk 0:00:22]}  Bxd4+ {[%clk 0:00:46]} 22. Kg2 {[%clk 0:00:20]}  Rhf8 {[%clk 0:00:43]} 23. Re1 {[%clk 0:00:16]}  Rxf7 {[%clk 0:00:40]} 24. gxf7 {[%clk 0:00:17]}  Bg7 {[%clk 0:00:36]} 25. Rxd8+ {[%clk 0:00:13]}  Kxd8 {[%clk 0:00:27]} 26. Nf5 {[%clk 0:00:12]}  Bf8 {[%clk 0:00:23]} 27. Rd1+ {[%clk 0:00:12]}  Kc8 {[%clk 0:00:22]} 28. Kg3 {[%clk 0:00:08]}  Ng5 {[%clk 0:00:17]} 29. Nd5 {[%clk 0:00:07]}  Qe6 {[%clk 0:00:11]} 30. Rd3 {[%clk 0:00:05]}  Nxf7 {[%clk 0:00:10]} 31. Kh4 {[%clk 0:00:03]}  Nd6 {[%clk 0:00:09]} 32. Ng3 {[%clk 0:00:01]}  c6 {[%clk 0:00:09]} 33. Nf4 {[%clk 0:00:01]}  Qf6+ {[%clk 0:00:09]} 34. g5 {[%clk 0:00:00]}  Qxf4+ {[%clk 0:00:09]} 0-1

[Event "April 9 Early 2024"]
[Site "Chess.com"]
[Date "2024.04.09"]
[Round "10"]
[White "Pinero Rodriguez, Carlos Jose"]
[Black "Sathvik Adiga"]
[Result "0-1"]
[Board "55"]
[WhiteFideId "3901726"]
[BlackFideId "25745700"]
[WhiteTitle "IM"]
[BlackTitle "FM"]
[WhiteElo "2777"]
[BlackElo "2591"]
[WhiteTeam "VEN"]
[BlackTeam "IND"]
[WhiteClock "0:00:07"]
[BlackClock "0:00:19"]
[Variant "Standard"]

1. e4 {[%clk 0:03:00]}  e6 {[%clk 0:02:58]} 2. d4 {[%clk 0:02:58]}  d5 {[%clk 0:02:57]} 3. Nd2 {[%clk 0:02:59]}  c5 {[%clk 0:02:57]} 4. Ngf3 {[%clk 0:02:58]}  cxd4 {[%clk 0:02:57]} 5. Nxd4 {[%clk 0:02:58]}  Nc6 {[%clk 0:02:57]} 6. N4b3 {[%clk 0:02:31]}  Nf6 {[%clk 0:02:55]} 7. exd5 {[%clk 0:02:24]}  Nxd5 {[%clk 0:02:56]} 8. g3 {[%clk 0:02:17]}  Be7 {[%clk 0:02:52]} 9. Bg2 {[%clk 0:02:18]}  O-O {[%clk 0:02:53]} 10. O-O {[%clk 0:02:18]}  e5 {[%clk 0:02:48]} 11. Re1 {[%clk 0:02:13]}  Be6 {[%clk 0:02:42]} 12. Ne4 {[%clk 0:02:10]}  Qc7 {[%clk 0:02:37]} 13. Nec5 {[%clk 0:02:05]}  Rad8 {[%clk 0:02:33]} 14. Nxe6 {[%clk 0:02:04]}  fxe6 {[%clk 0:02:34]} 15. Qg4 {[%clk 0:02:03]}  Rd6 {[%clk 0:02:25]} 16. c3 {[%clk 0:02:00]}  Nf6 {[%clk 0:02:24]} 17. Qe2 {[%clk 0:02:00]}  Rfd8 {[%clk 0:02:18]} 18. Be3 {[%clk 0:02:00]}  Nd5 {[%clk 0:02:16]} 19. Bc5 {[%clk 0:01:59]}  R6d7 {[%clk 0:02:15]} 20. Bxe7 {[%clk 0:02:00]}  Ndxe7 {[%clk 0:02:14]} 21. Bh3 {[%clk 0:01:52]}  Nf5 {[%clk 0:02:10]} 22. Nc5 {[%clk 0:01:50]}  Rd2 {[%clk 0:02:01]} 23. Qc4 {[%clk 0:01:49]}  Qf7 {[%clk 0:01:53]} 24. Qxe6 {[%clk 0:01:43]}  Nd6 {[%clk 0:01:44]} 25. Qxf7+ {[%clk 0:01:36]}  Kxf7 {[%clk 0:01:44]} 26. Rad1 {[%clk 0:01:35]}  Ne8 {[%clk 0:01:31]} 27. Rxd2 {[%clk 0:01:06]}  Rxd2 {[%clk 0:01:32]} 28. b4 {[%clk 0:01:07]}  b6 {[%clk 0:01:28]} 29. Nd7 {[%clk 0:01:02]}  Rxa2 {[%clk 0:01:19]} 30. Nxe5+ {[%clk 0:01:00]}  Nxe5 {[%clk 0:01:18]} 31. Rxe5 {[%clk 0:01:01]}  Ra1+ {[%clk 0:01:19]} 32. Kg2 {[%clk 0:01:01]}  Nf6 {[%clk 0:01:19]} 33. Be6+ {[%clk 0:00:36]}  Ke7 {[%clk 0:01:18]} 34. Re3 {[%clk 0:00:33]}  a5 {[%clk 0:01:13]} 35. bxa5 {[%clk 0:00:32]}  bxa5 {[%clk 0:01:14]} 36. g4 {[%clk 0:00:29]}  Kd6 {[%clk 0:01:10]} 37. g5 {[%clk 0:00:27]}  Nh5 {[%clk 0:01:10]} 38. Bg8 {[%clk 0:00:23]}  h6 {[%clk 0:01:03]} 39. gxh6 {[%clk 0:00:23]}  gxh6 {[%clk 0:01:04]} 40. Re6+ {[%clk 0:00:24]}  Kc5 {[%clk 0:01:04]} 41. Rxh6 {[%clk 0:00:25]}  Nf4+ {[%clk 0:00:59]} 42. Kf3 {[%clk 0:00:25]}  Nd3 {[%clk 0:00:59]} 43. Rh5+ {[%clk 0:00:24]}  Kc6 {[%clk 0:00:57]} 44. Bd5+ {[%clk 0:00:23]}  Kd6 {[%clk 0:00:54]} 45. Be4 {[%clk 0:00:23]}  Ne5+ {[%clk 0:00:53]} 46. Kf4 {[%clk 0:00:21]}  Nd7 {[%clk 0:00:42]} 47. Rd5+ {[%clk 0:00:19]}  Ke7 {[%clk 0:00:38]} 48. Rb5 {[%clk 0:00:19]}  a4 {[%clk 0:00:38]} 49. Ra5 {[%clk 0:00:19]}  Nf6 {[%clk 0:00:35]} 50. Ra7+ {[%clk 0:00:15]}  Ke6 {[%clk 0:00:35]} 51. Ra6+ {[%clk 0:00:15]}  Ke7 {[%clk 0:00:35]} 52. h4 {[%clk 0:00:14]}  a3 {[%clk 0:00:31]} 53. f3 {[%clk 0:00:14]}  a2 {[%clk 0:00:25]} 54. Ra7+ {[%clk 0:00:14]}  Kd6 {[%clk 0:00:24]} 55. Ra6+ {[%clk 0:00:14]}  Ke7 {[%clk 0:00:24]} 56. Bc2 {[%clk 0:00:08]}  Nd5+ {[%clk 0:00:21]} 57. Kf5 {[%clk 0:00:08]}  Ne3+ {[%clk 0:00:20]} 58. Ke5 {[%clk 0:00:08]}  Nxc2 {[%clk 0:00:20]} 59. Ra7+ {[%clk 0:00:09]}  Kd8 {[%clk 0:00:19]} 60. h5 {[%clk 0:00:07]}  Re1+ {[%clk 0:00:19]} 0-1

[Event "April 9 Early 2024"]
[Site "Chess.com"]
[Date "2024.04.09"]
[Round "10"]
[White "Solberg, Joachim"]
[Black "Cahaya, Satria Duta"]
[Result "0-1"]
[Board "56"]
[WhiteFideId "1502930"]
[BlackFideId "7124252"]
[WhiteTitle "FM"]
[BlackTitle "FM"]
[WhiteElo "2578"]
[BlackElo "2748"]
[WhiteTeam "NOR"]
[BlackTeam "INA"]
[WhiteClock "0:00:14"]
[BlackClock "0:00:07"]
[Variant "Standard"]

1. e4 {[%clk 0:03:00]}  c5 {[%clk 0:02:58]} 2. Nf3 {[%clk 0:03:00]}  Nc6 {[%clk 0:02:58]} 3. b3 {[%clk 0:03:00]}  Nf6 {[%clk 0:02:57]} 4. Nc3 {[%clk 0:02:56]}  g6 {[%clk 0:02:57]} 5. Bb2 {[%clk 0:02:55]}  Bg7 {[%clk 0:02:57]} 6. Bd3 {[%clk 0:02:53]}  O-O {[%clk 0:02:57]} 7. O-O {[%clk 0:02:53]}  d6 {[%clk 0:02:57]} 8. h3 {[%clk 0:02:53]}  Nh5 {[%clk 0:02:47]} 9. Re1 {[%clk 0:02:51]}  Nf4 {[%clk 0:02:46]} 10. Bf1 {[%clk 0:02:51]}  Bd7 {[%clk 0:02:38]} 11. Rb1 {[%clk 0:02:50]}  Rc8 {[%clk 0:02:13]} 12. Ne2 {[%clk 0:02:43]}  Bxb2 {[%clk 0:02:09]} 13. Rxb2 {[%clk 0:02:42]}  Nxe2+ {[%clk 0:02:09]} 14. Qxe2 {[%clk 0:02:42]}  e5 {[%clk 0:02:09]} 15. c3 {[%clk 0:02:41]}  f5 {[%clk 0:02:07]} 16. exf5 {[%clk 0:02:38]}  Bxf5 {[%clk 0:02:05]} 17. d3 {[%clk 0:02:29]}  Qf6 {[%clk 0:02:01]} 18. Nh2 {[%clk 0:02:24]}  Kg7 {[%clk 0:01:55]} 19. Kh1 {[%clk 0:02:22]}  Ne7 {[%clk 0:01:42]} 20. g3 {[%clk 0:02:01]}  Nd5 {[%clk 0:01:39]} 21. Rc2 {[%clk 0:01:58]}  Bd7 {[%clk 0:01:13]} 22. Bg2 {[%clk 0:01:54]}  Bc6 {[%clk 0:01:13]} 23. Ng4 {[%clk 0:01:52]}  Qe6 {[%clk 0:01:11]} 24. Kh2 {[%clk 0:01:51]}  Rf7 {[%clk 0:01:08]} 25. Ne3 {[%clk 0:01:46]}  Rcf8 {[%clk 0:01:07]} 26. Nxd5 {[%clk 0:01:41]}  Bxd5 {[%clk 0:01:07]} 27. Bxd5 {[%clk 0:01:41]}  Qxd5 {[%clk 0:01:08]} 28. Kg1 {[%clk 0:01:37]}  Rf3 {[%clk 0:01:08]} 29. Rd2 {[%clk 0:01:36]}  h5 {[%clk 0:00:59]} 30. Qe4 {[%clk 0:01:36]}  Qe6 {[%clk 0:00:56]} 31. h4 {[%clk 0:01:34]}  R8f7 {[%clk 0:00:54]} 32. Re3 {[%clk 0:01:32]}  R3f5 {[%clk 0:00:52]} 33. c4 {[%clk 0:01:28]}  Qf6 {[%clk 0:00:51]} 34. Ree2 {[%clk 0:01:25]}  Qd8 {[%clk 0:00:51]} 35. Kg2 {[%clk 0:01:21]}  Qa5 {[%clk 0:00:51]} 36. a4 {[%clk 0:01:19]}  Qc3 {[%clk 0:00:50]} 37. Qd5 {[%clk 0:01:13]}  R5f6 {[%clk 0:00:48]} 38. Rb2 {[%clk 0:01:05]}  Qc1 {[%clk 0:00:44]} 39. Rbc2 {[%clk 0:01:00]}  Qd1 {[%clk 0:00:40]} 40. Red2 {[%clk 0:00:57]}  Qg4 {[%clk 0:00:39]} 41. Re2 {[%clk 0:00:53]}  a5 {[%clk 0:00:25]} 42. Qe4 {[%clk 0:00:52]}  Rf4 {[%clk 0:00:21]} 43. Qd5 {[%clk 0:00:52]}  Rd4 {[%clk 0:00:22]} 44. f3 {[%clk 0:00:41]}  Qd7 {[%clk 0:00:16]} 45. Qe4 {[%clk 0:00:37]}  Rxe4 {[%clk 0:00:17]} 46. dxe4 {[%clk 0:00:38]}  Qc6 {[%clk 0:00:16]} 47. Rcd2 {[%clk 0:00:38]}  Qb6 {[%clk 0:00:16]} 48. Rd3 {[%clk 0:00:38]}  Rf6 {[%clk 0:00:16]} 49. Red2 {[%clk 0:00:38]}  Kf7 {[%clk 0:00:16]} 50. Kf2 {[%clk 0:00:38]}  Ke7 {[%clk 0:00:17]} 51. Ke3 {[%clk 0:00:38]}  Qb4 {[%clk 0:00:17]} 52. Kf2 {[%clk 0:00:39]}  Qa3 {[%clk 0:00:18]} 53. Re2 {[%clk 0:00:32]}  Qc1 {[%clk 0:00:17]} 54. Kg2 {[%clk 0:00:32]}  Qb1 {[%clk 0:00:16]} 55. Red2 {[%clk 0:00:32]}  Qe1 {[%clk 0:00:14]} 56. Rf2 {[%clk 0:00:31]}  Rf8 {[%clk 0:00:12]} 57. Rfd2 {[%clk 0:00:31]}  Rd8 {[%clk 0:00:12]} 58. Rf2 {[%clk 0:00:30]}  Rc8 {[%clk 0:00:13]} 59. Rfd2 {[%clk 0:00:30]}  Rc6 {[%clk 0:00:13]} 60. Rf2 {[%clk 0:00:30]}  Rb6 {[%clk 0:00:14]} 61. Rfd2 {[%clk 0:00:30]}  Qc1 {[%clk 0:00:14]} 62. f4 {[%clk 0:00:29]}  Qa1 {[%clk 0:00:11]} 63. fxe5 {[%clk 0:00:29]}  Qxe5 {[%clk 0:00:12]} 64. Re2 {[%clk 0:00:29]}  Rc6 {[%clk 0:00:11]} 65. Rd5 {[%clk 0:00:29]}  Qe6 {[%clk 0:00:11]} 66. e5 {[%clk 0:00:29]}  Qg4 {[%clk 0:00:09]} 67. exd6+ {[%clk 0:00:28]}  Kd8 {[%clk 0:00:09]} 68. Re3 {[%clk 0:00:26]}  Qd7 {[%clk 0:00:08]} 69. Re7 {[%clk 0:00:26]}  Qg4 {[%clk 0:00:08]} 70. Re3 {[%clk 0:00:25]}  Rb6 {[%clk 0:00:06]} 71. d7 {[%clk 0:00:23]}  Re6 {[%clk 0:00:07]} 72. Rxe6 {[%clk 0:00:19]}  Qxe6 {[%clk 0:00:08]} 73. Kf3 {[%clk 0:00:20]}  Qg4+ {[%clk 0:00:08]} 74. Kf2 {[%clk 0:00:20]}  Qe4 {[%clk 0:00:08]} 75. Rd2 {[%clk 0:00:17]}  b6 {[%clk 0:00:08]} 76. Rd5 {[%clk 0:00:16]}  Qc2+ {[%clk 0:00:08]} 77. Kf3 {[%clk 0:00:16]}  Qxb3+ {[%clk 0:00:08]} 78. Kf4 {[%clk 0:00:17]}  Qxc4+ {[%clk 0:00:08]} 79. Ke5 {[%clk 0:00:18]}  Qg4 {[%clk 0:00:08]} 80. Kd6 {[%clk 0:00:18]}  Qxg3+ {[%clk 0:00:08]} 81. Re5 {[%clk 0:00:19]}  c4 {[%clk 0:00:06]} 82. Kc6 {[%clk 0:00:14]}  Qxe5 {[%clk 0:00:07]} 0-1